Quizzes
Events
Quiz Creation
Community
Videos
Private Events
Remove Ads
Sign In
Join for FREE
Feedback
Dark Mode
Quiz Categories
Sports
Geography
Music
Movies
Television
Just For Fun
Miscellaneous
History
Literature
Language
Science
Gaming
Entertainment
Religion
Holiday
For Kids
Quiz Lab
Recent
Popular Today
Quiz Kudos Today
Editor Picks
Curator Picks
Quizzes by...
Day
Popularity
Type
Ratings
Length
Year
Community
Subscriptions
Recent Discussions
Orange Saloon
Badges
Playlists
Quests
Create
Leaderboards
Showdown
Live 5
Trivia Bingo
Activity
Puzzle Library
Sporcle Events
Private Events
Virtual Trivia
Globe League
Become a Host
Pub Owners
SporcleCon
Opinionation
Our Games
Videos
Blog
Mobile Apps
Partnerships
Remove Ads and Go Orange
Feedback
Language
Vocabulary
Begins and Ends
Definition
Spanish
French
German
Italian
Chinese
Latin
Translation
Japanese
Language
Vocabulary
Begins and Ends
Definition
Spanish
French
German
Italian
Chinese
Latin
Translation
Japanese
Random Quiz
Search Sporcle
×
Quiz Lab
Quiz Lab
Language
French
Type in answers that appear in a list
Type in answers that appear in a list
Classic
Best Score? Go Orange.
French Birds Stats
Can you name the birds in French?
By
jess869
10m
17 Questions
109 Plays
109 Plays
109 Plays
Comments
Comments
Give Quiz Kudos
Give Quiz Kudos
-
- Ratings
hide this ad
Replay
Link that replays current quiz
Next Quiz
Link to next quiz in quiz playlist
You Got
0%
They Got
Avg Score
54%
Avg Friend Score
Upgrade to see
Score Distribution
Jump to the score distribution portion of the page
Score
0/17
Timer
10:00
1
Play Today
English Bird
French Bird (un/une ___)
% Correct
Eagle
un aigle
66.1%
Owl
une chouette
63.3%
Ostrich
une autruche
62.4%
Pigeon
un pigeon
62.4%
Swan
un cygne
62.4%
Robin
un rouge-gorge
61.5%
Crow
un corbeau
61.5%
Peacock
un paon
56%
Blackbird
un merle
55%
English Bird
French Bird (un/une ___)
% Correct
Dove
une colombe
53.2%
Vulture
un vauture
52.3%
Swallow
une hirondelle
51.4%
Thrush
une grive
49.5%
Woodpecker
un pivert
44%
Sparrow
un moineau
44%
Stork
une cigogne
41.3%
Hawk
un épervier
39.4%
Quiz Playlist
Details
Report
Send in Message
Add To Playlist
Classic:
Type in answers that appear in a list
Last Updated: Feb 16, 2017
Quiz Scoreboard
CHALLENGE
Sign Up to Join the Scoreboard
Show All
Scores
Hide
Comments
May contain spoilers
Recently Published
Billboard Blitz: Fleetwood Mac
by CooCooCachoo
Music
15s
Presidents Visiting Landmarks
by Hejman
History
7m
An Introduction to Baseball
by treessimontrees
Sports
5m
More to Explore
Quiz From the Vault
Featured Blog Post
Where Did the Easter Bunny Come From?
hide this ad
You Might Also Like...
Tags
French Quiz
Vocabulary Quiz
bird
noun
Today's Top Quizzes in Language
Browse Language
hide this ad
Today's Top Quizzes in French
Browse French
Top Contributed Quizzes in Language
1
1-10 Letter F Words III
2
1-10 Letter G Words III
3
Alphabetize! : 'As' words
4
1-10 Letter H Words III
5
Order Up: Top 10 Most Native Spoken Languages
6
One Thing in Common: Italy
7
1-10 Letter I Words III
8
1-10 Letter J Words III
9
Weisst du, aus welchen Sprachen diese Wörter stammen?
10
Celtic Nations in their Language
Explore More
Trending Topics
NBA
Harry Potter
Anime
Disney
Marvel
Crossword
Kpop
Country
Puzzle
Song
Soccer
Pokémon
NFL
WWE
The Office
hide this ad
More By:
jess869
Quiz
Plays
Rating
Category
Featured
Created
French: Masculine or Feminine
5,899
4.75
Language
May 1, 2012
Spanish: 1- 10
2,186
3.67
Language
Sep 21, 2012
French: Gender
2,136
5.00
Language
May 4, 2012
Spanish: Advanced Verbs
604
4.75
Language
Dec 20, 2011
French: Gender (Exceptions to the rules)
451
4.00
Language
May 4, 2012
Go to Creator's Profile
Score Distribution
Quiz Creator Spotlight
jess869
Follow
Send a Message
Quizzes Created
-
Created Quiz Play Count
-
More By This Creator
Popular Quizzes Today
1
Find the US States - No Outlines Minefield
2
Find the Countries of Europe - No Outlines Minefield
3
The Countries of the World
4
Find the US States
5
Risky Map Clicking: Biggest States A-Z
6
US States
7
Popular People in 1961
8
Movies - When Are They Set?
More Language Quizzes
Quick Pick: Emordnilaps!
Editor's Pick
Trending Quizzes
Risky Map Clicking: Least Populous States A-Z
1-10 Letter G Words
1-10 Letter F Words
Risky Map Clicking: Next State Alphabetically
Click the Washington State Counties! (Map)
Recently Updated
Leaping Animals
pecheneg
Reality TV Shows (A-Z)
bhenderson79
Rickey Henderson's Hall of Fame Teammates
pecheneg
Champions League XIs: Arsenal
pecheneg
Quick Pick: Celebrities in WWE's Hall of Fame
aduchscher
A-Z Keypad Blitz II
pecheneg
Multiple Oscar Actors
pecheneg
Mystery Phrase Blitz: Oscar 'Best Actors'
pecheneg
F. Scott Fitzgerald Novels
LTH
Pick 3 Villains
ddd62291
Trending Topics
Crossword
NBA
Anime
Marvel
Disney
Kpop
Harry Potter
NFL
Soccer
Puzzle
WWE
Country
The Office
Song
Pokémon
Your Account Isn't Verified!
In order to create a playlist on Sporcle, you need to verify the email address you used during registration. Go to your
Sporcle Settings
to finish the process.
Report this User
Report this user for behavior that violates our
Community Guidelines
.
Details:
Send Report
Go to the Sporcle.com Mobile Site →
Comments